Statističeskij ježegodnik stran - členov Soveta Ekonomičeskoj Vzaimopomošči 1977

Saved in:
Bibliographic Details
Format: Book
Language:Russian
Published: Moskva Statistika 1977
Tags: Add Tag
No Tags, Be the first to tag this record!

MARC

LEADER 00000nam a2200000 4500
001 c119608
005 20250930115521.4
041 0 |a rus 
044 |a RU 
245 1 0 |a Statističeskij ježegodnik stran - členov Soveta Ekonomičeskoj Vzaimopomošči 1977 
264 1 |a Moskva  |b Statistika  |c 1977 
300 |a 478 s.